000 00573 a2200205 4500
005 20260130163915.0
008 260129b |||||||| |||| 00| 0 eng d
020 _a9789391581985
_cRs. 3295.00
040 _aMAIN
082 _a150.72
_bR73I
100 _aRoshan Lal
245 _aInstant notes on psychology research methodology and statistics
260 _bPsycho Information Technologies
_c2024
_aNew Delhi
300 _a410
650 _aPsychology
650 _aResearch Methods
650 _aStatistics in Psychology
700 _aSekhri, Ritu
942 _cBK
999 _c393687
_d393687